书目信息 |
| 题名: |
漫谈运载火箭
|
|
| 作者: | 陈寿椿 , 傅炳辰 著 | |
| 分册: | ||
| 出版信息: | 北京 知识出版社 1983.10 |
|
| 页数: | 170页 | |
| 开本: | 20cm | |
| 丛书名: | ||
| 单 册: | ||
| 中图分类: | V475.3 | |
| 科图分类: | ||
| 主题词: | 航天器 , 航天器--运载工具 | |
| 电子资源: | ||
| ISBN: | ||
| 000 | 00614nam0 2200229 45 | |
| 001 | 0312221749 | |
| 005 | 20040513160806.7 | |
| 010 | @dCNY0.48 | |
| 091 | @a13214.27 | |
| 100 | @a20031222d1983 km y0chiy0120 ea | |
| 101 | @achi | |
| 105 | @a z 000yy | |
| 200 | 1 | @a漫谈运载火箭@AMan Tan Yun Zai Huo Jian@f陈寿椿,傅炳辰著@FChen Shou Chun,Fu Bing Chen Zhu |
| 210 | @a北京@c知识出版社@d1983.10 | |
| 215 | @a170页@d20cm | |
| 606 | 0 | @a航天器 |
| 606 | 0 | @a航天器@x运载工具 |
| 690 | @aV475.3@v3 | |
| 701 | 0 | @a陈寿椿@4著 |
| 701 | 0 | @a傅炳辰@4著 |
| 801 | @aCN@bTSTCL@c20031222 | |
| 905 | @dV475.3@e5@f1@b151062 | |
| 漫谈运载火箭/陈寿椿,傅炳辰著.-北京:知识出版社,1983.10 |
| 170页;20cm |
| ISBN :CNY0.48 |
| ● |
| 相关链接 |
|
|
|
|
正题名:漫谈运载火箭
索取号:V475.3/5
 
预约/预借
| 序号 | 登录号 | 条形码 | 馆藏地/架位号 | 状态 | 备注 |
| 1 | 0151062 | 001486868 | 第三借阅区/ [索取号:V475.3/5] | 在馆 | |
| 2 | 0151063 | 001486877 | 第二样本阅览室/ [索取号:V475.3/5] | 在馆 |